Responses for Show #6127 - Tuesday, April 12, 2011

Contestants

[<< previous game]

Daniel Cohen, an interactive developer originally from Liverpool, New York

Stephanie Munroe, a movie editor from Brookline, Massachusetts

Tim Kresowik, a urology resident from Iowa City, Iowa (whose 1-day cash winnings total $19,201)

[next game >>]

Jeopardy! Round responses

THE SISTINE CHAPEL
1990s TV
A CAPITAL IDEA?
THE AUTOBAHN SOCIETY
WHO'D YOU KILL TO GET THAT JOB?
"H_BO"
(Alex: Each correct response will begin with the letter "H" and somewhere further along, there will be a "B" and an "O".)
    $200 4
Michelangelo

Stephanie
    $200 17
Bel-Air

Stephanie
    $200 1
(Tim: [Shakes head])
(Alex: Oh, you rang in too soon, before your brain was engaged.)

Timon of Athens

Tim
Triple Stumper
    $200 22
Berlin

Daniel
    $200 16
Oliver Cromwell

Daniel
    $200 11
a harbor

Tim
    $400 5
(Stephanie: [Beaten to the buzzer by Tim] Who was Pope Julius--oop.)
(Tim: Who was Pope... Julian--uh, [*]. Pope [*].)
(Alex: Right. You were almost thrown off because Stephanie would have given an incorrect response.)
(Stephanie: I would have.)

Sixtus

Tim
    $400 23
NYPD Blue

Daniel
    $400 2
(Tim: What is a Pekingese? [Pronounces first syllable as "PAY"])
(Daniel: What is a Pekingese? [Pronounces first syllable as "PEE"])

a Lhasa apso

TimDaniel
Triple Stumper
    $400 27
a rest stop

Daniel
    $400 18
Robespierre

Stephanie
    $400 12
a handbook

Tim
    $600 6
Noah

Triple Stumper
    $600 24
Tim Allen

Daniel
    $600 3
Our Man in Havana

Triple Stumper
    $600 28
Bavaria

Tim
    $600 19
Claudius

Tim
    $600 13
a headboard

Stephanie
    $800 7
(Tim: Who is David?)

Solomon

TimStephanie
    $800 25
Matlock

Stephanie
    $800 9
Stockholm syndrome

Stephanie
    $1,000 29
speed limits

Tim
    $800 20
(Stephanie: Oh, uh, who was, uh...)

Duncan

TimStephanie
    $800 14
your hip bone

Tim
    $1000 8
the Cardinals

Tim
    $1000 26
Touched by an Angel

Triple Stumper
    $1000 10
(Daniel: [Shakes head])
(Alex: Oh, nothing's coming to you. Too bad.)
...
(Alex: The daughter of Francis Ford Coppola, and Sofia, of course, the capital of Bulgaria.)

Sofia Coppola

Daniel
Triple Stumper
    $1000 30
(Stephanie: What is the Oder?)

the Elbe

TimStephanie
    $1000 21
Saladin (or Salah ad-Din)

Tim
    $1000 15
hellbound

Stephanie

Scores at the first commercial break (after clue 14):

Tim Stephanie Daniel
$1,400 $2,400 -$1,400

Scores at the end of the Jeopardy! Round:

Tim Stephanie Daniel
$6,400 $3,000 $400

Double Jeopardy! Round responses

MEXICAN STATES
FICTIONAL MOVIE BANDS
MEN IN PINK
"E"-BOOKS
ELEMENT ETYMOLOGY
THE END
    $400 12
Yucatán

Tim
    $400 1
O Brother, Where Art Thou?

Daniel
    $400 4
a professional wrestler

Daniel
    $400 9
Elmer Gantry

Stephanie
    $400 17
(Tim: What is mercury?)

fluorine

Tim
Triple Stumper
    $400 23
a period

Daniel
    $800 13
Chihuahua

Tim
    $800 2
School of Rock

Daniel
    $800 5
dandy

Daniel
    $800 10
Emma

Stephanie
    $800 18
americium

Daniel
    $800 24
omega

Tim
    $1200 14
La Paz

Tim
    $1200 3
[ERRATUM: The character's name is Mickey, not Mikey.]

A Mighty Wind

Stephanie
    $1200 6
ballet

Stephanie
    $1200 11
Electra

Tim
    $1200 21
(Tim: [No response])
...
(Alex: The bigwigs were the Titans--hence, [*].)

titanium

Tim
Triple Stumper
    $1200 26
30

Triple Stumper
    $1600 15
Cancun and Cozumel

Tim
    $1600 19
Almost Famous

Daniel
    $1600 7
Arizona

Daniel
    $1600 27
Erewhon

Tim
    $2,200 22
(Daniel: What is aluminum?)

lithium

Daniel
    $1600 29
a wrap

Tim
    $2000 16
Sonora

Tim
    $2000 20
That Thing You Do!

Daniel
    $2000 8
triangles

Stephanie
    $2,000 28
East of Eden

Tim
    $2000 25
strontium

Stephanie
    $2000 30
a cessation

Tim

Scores at the end of the Double Jeopardy! Round:

Tim Stephanie Daniel
$20,000 $10,600 $7,000

[wagering suggestions for these scores]

Final Jeopardy! Round responses

BASEBALL & THE PRESIDENCY
(Alex: Poor Washington. The Senators keep leaving them. They became the Twins, and then they became the Rangers.)
...
(Stephanie: [Apologetically, after her wager is revealed] I know nothing about sports. This must be the only thing I know.)
(Alex: But what about the president? You know something about presidents.)
DanielWho is T ?
$1,142
StephanieWho was Nixon
$100
TimWho is Richard Nixon
$3,000
Richard Nixon

Final scores:

Tim Stephanie Daniel
$23,000 $10,700 $5,858
2-day champion: $42,201 2nd place: $2,000 3rd place: $1,000

Game dynamics:

Coryat scores:

Tim Stephanie Daniel
$19,800 $10,600 $9,200
22 R
(including 2 DDs),
5 W
14 R,
2 W
14 R,
3 W
(including 1 DD)

Combined Coryat: $39,600

[game clues] [game scores] [suggest correction]

Game tape date: 2010-12-01
The J! Archive is created by fans, for fans. Scraping, republication, monetization, and malicious use prohibited; this site may use cookies and collect identifying information. See terms. The Jeopardy! game show and all elements thereof, including but not limited to copyright and trademark thereto, are the property of Jeopardy Productions, Inc. and are protected under law. This website is not affiliated with, sponsored by, or operated by Jeopardy Productions, Inc. Join the discussion at JBoard.tv.